Normal view
MARC view
Entry Topical Term
001 - CONTROL NUMBER
- control field: 78634
003 - CONTROL NUMBER IDENTIFIER
- control field: OSt
005 - DATE AND TIME OF LATEST TRANSACTION
- control field: 20200312164159.0
008 - FIXED-LENGTH DATA ELEMENTS
- fixed length control field: 200312|| aca||aabn | a|a d
040 ## - CATALOGING SOURCE
- Original cataloging agency: OSt
- Transcribing agency: OSt
150 ## - HEADING--TOPICAL TERM
- Topical term or geographic name entry element: राजनीति शास्त्र
670 ## - SOURCE DATA FOUND
- Source citation: Work cat.: (OSt): गुप्ता,संजय 78630, मध्य प्रदेश लोक सेवा आयोग मुख्य परीक्षा दर्पण लोक सेवाएं लोक व्यय एवं लेखा अन्तर्रारूट्रीय संगठन प्रश्न पत्र -2, 2020









